Informe sobre la situación económica de los países centroamericanos en 1998 /
El documento presenta un informe anual sobre la situación económica de los países centroamericanos, con estadísticas revisadas del período 1983-1987 y preliminares de1988.
Shranjeno v:
| Korporativna značnica: | |
|---|---|
| Format: | Texto |
| Jezik: | Spanish |
| Izdano: |
s.l.:
s.e.
1988
|
| Teme: | |
| Oznake: |
Označite
Brez oznak, prvi označite!
|
MARC
| LEADER | 00000 a a2200000 04500 | ||
|---|---|---|---|
| 001 | 24487 | ||
| 003 | cru CIDCACS/IIS | ||
| 005 | 20230523103521.0 | ||
| 008 | 220712e1988 cr ||||| |||| 00| 0 spa d | ||
| 040 | |c cru CRAI/IIS | ||
| 090 | |a 03.01.02 C755i | ||
| 110 | |a Consejo Monetario Centroamericano | ||
| 245 | |a Informe sobre la situación económica de los países centroamericanos en 1998 / |c Consejo Monetario Centroamericano | ||
| 260 | |a s.l.: |b s.e. |c 1988 | ||
| 300 | |a 102 p.áginas |b **no definido** | ||
| 500 | |a Colección Centroamérica | ||
| 520 | |a El documento presenta un informe anual sobre la situación económica de los países centroamericanos, con estadísticas revisadas del período 1983-1987 y preliminares de1988. | ||
| 650 | 4 | |9 2728 |a ANALISIS ECONOMICO | |
| 650 | 0 | |9 2838 |a COMERCIO ENTRE REGIONES | |
| 650 | 0 | |9 288 |a EMPLEO | |
| 650 | 0 | |9 5175 |a POLITICA FISCAL | |
| 650 | 4 | |9 2658 |a POLITICA MONETARIA | |
| 651 | 0 | |9 308 |a CENTROAMERICA | |
| 942 | |2 z |c LI |h 03.01.02 C755i |i 23619 |6 030102_C755I_23619 | ||
| 999 | |c 13156 |d 13156 | ||
